Acusación constitucional en contra del general de ejército señor Augusto Pinochet Ugarte.

Gardado en:
Detalles Bibliográficos
Formato: Libro
Idioma:Lingua castelá
Publicado: Valparaíso, Chile Cámara de Diputados 1998
Subjects:
Tags: Engadir etiqueta
Sen Etiquetas, Sexa o primeiro en etiquetar este rexistro!

MARC

LEADER 00000nam a2200000 a 4500
001 UCQ2546
003 CL-VaPUC
005 20250228102607.0
008 980724e19980000CL |||||||||||||||||spa|d
999 |c 273363  |d 273361 
040 |c Pontificia Universidad Católica de Valparaíso 
082 0 4 |a 342.066 ACU 1998  |2 21 
245 1 0 |a Acusación constitucional en contra del general de ejército señor Augusto Pinochet Ugarte. 
260 0 3 |a Valparaíso, Chile  |b Cámara de Diputados  |c 1998 
300 |a 73 páginas. 
583 |a last modification  |c 20160307 02:36:20  |k Rodrigo Vera 
600 0 |a Pinochet Ugarte, Augusto,  |e 1915-2006  |9 374419 
650 0 |a Derecho constitucional   |9 222588 
650 7 |a JUICIO POLITICO  |2 CL-VaPUC  |9 383147 
650 0 |a Delitos  |9 224143 
650 0 |a Gobierno   |9 255508 
650 0 |a Acusación constitucional  |9 416491 
650 0 |a Violación de la ley  |9 795850 
650 0 |a Absoluciones  |9 383420 
942 |c BK  |2 ddc 
945 |d 19980724 00:00:00  |a aarredon 
952 |0 0  |1 0  |2 ddc  |4 0  |6 342_066000000000000_ACU_1998  |7 0  |8 A  |9 308853  |a BIBDER  |b BIBDER  |d 2019-11-20  |i 3445402  |o 342.066 ACU 1998  |p 3445402  |r 2023-01-25  |t 1  |w 2019-11-20  |y MX  |k DER